| 000 | 00520nam a2200193Ia 4500 | ||
|---|---|---|---|
| 005 | 20230327151455.0 | ||
| 008 | 131103s9999 xx 000 0 und d | ||
| 020 | _cRs.15 | ||
| 040 | _aLoreto College | ||
| 041 | _aEnglish | ||
| 082 |
_a891.443 _bGAN |
||
| 100 | _aGangopadhaya, Narayan | ||
| 245 |
_aSrestha galpa _cNarayan Gangopadhaya; Edited by Jagadish Bhattacharya |
||
| 260 |
_aCalcutta _bPrakash Bhaban _c1378 |
||
| 300 | _a229p. | ||
| 700 | _aBhattacharya, Jagadish ed. | ||
| 850 | _aLCLIB | ||
| 942 | _cBK | ||
| 999 |
_c21548 _d72027 |
||